LEADER 01475nam 2200385Ia 450 001 996393320103316 005 20221108031512.0 035 $a(CKB)3360000000179349 035 $a(EEBO)2240951833 035 $a(OCoLC)12125841 035 $a(EXLCZ)993360000000179349 100 $a19850606d1694 uy | 101 0 $aeng 135 $aurbn||||a|bb| 200 04$aThe Annual miscellany, for the year 1694$b[electronic resource] $ebeing the fourth part of Miscellany poems : containing great variety of new translations and original copies /$fby the most eminent hands 210 $aLondon $cPrinted by R.E. for Jacob Tonson ...$d1694 215 $a[6], 327, [11] p 300 $aThird in a series of miscellanies published by Tonson, 1684-1709, containing many contributions by Dryden and others. Five other volumes published under various titles. 300 $aReproduction of original in Yale University Library. 330 $aeebo-0198 606 $aClassical poetry$vTranslations into English 606 $aEnglish poetry$vTranslations from classical literature 606 $aEnglish poetry$y17th century 615 0$aClassical poetry 615 0$aEnglish poetry 615 0$aEnglish poetry 701 $aDryden$b John$f1631-1700.$0166214 801 0$bEAA 801 1$bEAA 801 2$bm/c 801 2$bWaOLN 906 $aBOOK 912 $a996393320103316 996 $aThe Annual miscellany, for the year 1694$92373609 997 $aUNISA LEADER 02253nam0 22004573i 450 001 TO00739844 005 20231121125840.0 010 $a8831131478 010 $a9788831131476 100 $a20000518d1999 ||||0itac50 ba 101 | $aita 102 $ait 181 1$6z01$ai $bxxxe 182 1$6z01$an 200 1 $a˜I œmartiri$epanegirici per Giulitta, Gordio, 40 soldati di Sebaste, Mamante$fBasilio di Cesarea$gintroduzione, traduzione e note a cura di Mario Girardi 210 $aRoma$cCitta nuova$d°1999! 215 $a144 p.$d20 cm. 225 | $aCollana di testi patristici$v147 410 0$1001CFI0012373$12001 $aCollana di testi patristici$v147 676 $a272.092$9Martiri cristiani$v21 700 0$aBasilius : Caesariensis$c $3CFIV046987$4070$0396939 702 1$aGirardi$b, Mario$f <1948-2015>$3CFIV010620 790 0$aBasilio$c $3BVEV242993$zBasilius : Caesariensis 790 0$aBasilio : di Cesarea$c $3CFIV042844$zBasilius : Caesariensis 790 0$aBasilius Magnus$c $3CFIV053620$zBasilius : Caesariensis 790 0$aBasile : de Césarée$c $3CFIV080817$zBasilius : Caesariensis 790 0$aBasilio : Magno$c $3CFIV167079$zBasilius : Caesariensis 790 0$aBasilio$c $3CFIV193671$zBasilius : Caesariensis 790 0$aBasilius : Magnus$c $3SBNV009195$zBasilius : Caesariensis 790 0$aBasil : of Caesarea$c $3SBNV025069$zBasilius : Caesariensis 790 0$aBarsel : Kesaraci$3UBOV434746$zBasilius : Caesariensis 801 3$aIT$bIT-01$c20000518 850 $aIT-RM028 $aIT-FR0084 $aIT-FR0017 899 $aBiblioteca Universitaria Alessandrina$bRM028 899 $aBiblioteca Del Monumento Nazionale Di Montecassino$bFR0084 899 $aBiblioteca umanistica Giorgio Aprea$bFR0017 912 $aTO00739844 950 0$aBiblioteca umanistica Giorgio Aprea$d 52CIS 2 COLL L 147$e 52VM 0000392435 VM barcode:00017467. - Inventario:17189 FLSVM$fA $h20040205$i20121204 977 $a 01$a 25$a 52 996 $aMartiri$9869205 997 $aUNICAS